00348nam a2200157Ia 4500008004000000041000800040082001200048100001200060245003500072260003200107650000900139650000700148650001400155650001500169650000600184210210b1812 xxu||||| |||| 00| 0 eng d aeng a822/147 aBOR (E) aAdventures of a botanists wife aLondonbNot Mentionedc1812 awife aof abotanists aAdventures aa